<?xml version="1.0" encoding="UTF-8"?><?xml-stylesheet type="text/xsl" href="static/style.xsl"?><OAI-PMH xmlns="http://www.openarchives.org/OAI/2.0/" xmlns:xsi="http://www.w3.org/2001/XMLSchema-instance" xsi:schemaLocation="http://www.openarchives.org/OAI/2.0/ http://www.openarchives.org/OAI/2.0/OAI-PMH.xsd"><responseDate>2026-04-17T03:15:03Z</responseDate><request verb="GetRecord" identifier="oai:www.recercat.cat:2072/488827" metadataPrefix="marc">https://recercat.cat/oai/request</request><GetRecord><record><header><identifier>oai:recercat.cat:2072/488827</identifier><datestamp>2025-11-09T13:02:18Z</datestamp><setSpec>com_2072_98</setSpec><setSpec>col_2072_378192</setSpec></header><metadata><record xmlns="http://www.loc.gov/MARC21/slim" xmlns:dcterms="http://purl.org/dc/terms/" xmlns:xsi="http://www.w3.org/2001/XMLSchema-instance" xmlns:doc="http://www.lyncode.com/xoai" xsi:schemaLocation="http://www.loc.gov/MARC21/slim http://www.loc.gov/standards/marcxml/schema/MARC21slim.xsd">
   <leader>00925njm 22002777a 4500</leader>
   <datafield ind2=" " ind1=" " tag="042">
      <subfield code="a">dc</subfield>
   </datafield>
   <datafield ind2=" " ind1=" " tag="720">
      <subfield code="a">Ramajo Falcón, Alicia</subfield>
      <subfield code="e">author</subfield>
   </datafield>
   <datafield ind2=" " ind1=" " tag="260">
      <subfield code="c">2025</subfield>
   </datafield>
   <datafield ind2=" " ind1=" " tag="520">
      <subfield code="a">Esta investigación ha sido llevada a cabo gracias a la beca Santander Investigación, Contratos Predoctorales Santander UCM 2021, código CT58/21</subfield>
   </datafield>
   <datafield ind2=" " ind1=" " tag="520">
      <subfield code="a">El cuerpo y las subjetividades que lo atraviesan suelen ser abordados desde aproximaciones paradójicamente desencarnadas, basadas en el pensamiento positivista y arraigadas en el ocularcentrismo, que centra en la visión el acceso al conocimiento. Partiendo de la noción de conocimiento situado de Donna Haraway, (1991/1995), y considerando las aportaciones de Sara Pink (2009) sobre la antropología sensorial, presento el concepto de "experiencia ubicada". Esta idea teórica converge en la propuesta metodológica de los "mapas políticos del cuerpo" (MPC), diseñados para explorar de forma grupal los relatos sobre la experiencia corporal mediante texturas asignadas a conceptos y etiquetas sonoras que recogen las voces de las participantes. He puesto en práctica esta herramienta en dos talleres con sendos grupos de autodefensa feminista de Madrid, y en este artículo ofrezco una reflexión sobre sus fortalezas y debilidades, situándome como investigadora ciega.</subfield>
   </datafield>
   <datafield ind2=" " ind1=" " tag="520">
      <subfield code="a">The body and subjectivities that cross it are often considered from paradoxically disembodied approaches, based on positivist thinking and rooted in ocularcentrism, which trusts the access to knowledge in the vision. Starting with the concept of situated knowledge (Haraway, 1991/1995), and considering the contributions of Sara Pink (2009) on sensory anthropology, I present the concept of "emplaced experience." These theoretical ideas converge in a methodological proposal called "political maps of the body" (PMB), designed to explore in groups the narratives on the body experience through textures assigned to concepts and sound labels that contain participants' voices. I've implemented this tool in two workshops, each with a feminist self-defense group from Madrid, and in this article I discuss its strengths and weaknesses, situating myself as a blind researcher.</subfield>
   </datafield>
   <datafield ind1="8" ind2=" " tag="024">
      <subfield code="a">http://hdl.handle.net/2072/488827</subfield>
   </datafield>
   <datafield tag="653" ind2=" " ind1=" ">
      <subfield code="a">Body</subfield>
   </datafield>
   <datafield tag="653" ind2=" " ind1=" ">
      <subfield code="a">Multisensoriality</subfield>
   </datafield>
   <datafield tag="653" ind2=" " ind1=" ">
      <subfield code="a">Experience</subfield>
   </datafield>
   <datafield tag="653" ind2=" " ind1=" ">
      <subfield code="a">Ocularcentrism</subfield>
   </datafield>
   <datafield tag="653" ind2=" " ind1=" ">
      <subfield code="a">Space</subfield>
   </datafield>
   <datafield tag="653" ind2=" " ind1=" ">
      <subfield code="a">Cuerpo</subfield>
   </datafield>
   <datafield tag="653" ind2=" " ind1=" ">
      <subfield code="a">Multisensorialidad</subfield>
   </datafield>
   <datafield tag="653" ind2=" " ind1=" ">
      <subfield code="a">Experiencia</subfield>
   </datafield>
   <datafield tag="653" ind2=" " ind1=" ">
      <subfield code="a">Ocularcentrismo</subfield>
   </datafield>
   <datafield tag="653" ind2=" " ind1=" ">
      <subfield code="a">Espacio</subfield>
   </datafield>
   <datafield ind2="0" ind1="0" tag="245">
      <subfield code="a">Mapas políticos del cuerpo. Una propuesta metodológica no visual basada en la relación sensorial entre cuerpo y espacio</subfield>
   </datafield>
</record></metadata></record></GetRecord></OAI-PMH>